Les reines de Belgique - Statistiques

Statistiques générales
  • Ce quiz a été pris 43 fois
  • Le résultat moyen est 5 sur 8
Statistiques - réponses
Reine Roi % Correct
Mathilde d'Udekem d'Acoz Philippe
89%
Paola Ruffo di Calabria Albert II
86%
Fabiola de Mora y Aragon Baudouin
76%
Astrid de Suède Léopold III
76%
Marie-Henriette de Habsbourg-Lorraine Léopold II
70%
Lilian Baels Léopold III
57%
Louise d'Orléans Léopold 1er
38%
Elisabeth en Bavière Albert 1er
35%
Aucun quiz correspondant
Distribution des résultats
% des personnes avec chaque résultat
Percentile par nombre de réponses
Votre historique - résultats
Vous n’avez pas pris ce quiz